Lí luận dạy học ở trường trung học cơ sở Giáo trình cao đẵng sư phạm
Đã lưu trong:
| Príomhúdar: | |
|---|---|
| Údair Eile: | |
| Formáid: | Leabhar |
| Foilsithe: |
H.
Đại học sư phạm
2008
|
| Ábhair: | |
| Clibeanna: |
Cuir Clib Leis
Gan Chlibeanna, Bí ar an gcéad duine leis an taifead seo a chlibeáil!
|
| Thư viện lưu trữ: | Trung tâm Học liệu Lê Vũ Hùng, Trường Đại học Đồng Tháp |
|---|
| LEADER | 01609pam a22002778a 4500 | ||
|---|---|---|---|
| 001 | 00029343 | ||
| 005 | 20171026081025.0 | ||
| 008 | 120622s2008 ||||||Viesd | ||
| 020 | |c 34000 | ||
| 041 | 0 | # | |a Vie |
| 082 | 1 | # | |a 373.07 |b L300L |
| 100 | 0 | # | |a Nguyễn Ngọc Bảo |e chủ biên |
| 245 | 0 | 0 | |a Lí luận dạy học ở trường trung học cơ sở |b Giáo trình cao đẵng sư phạm |c Nguyễn Ngọc Bảo, Trần Kiểm |
| 260 | # | # | |a H. |b Đại học sư phạm |c 2008 |
| 300 | # | # | |a 204 tr. |c 24 cm. |
| 500 | # | # | |a ĐTTS ghi : Bộ GD & ĐT. Dự án đào tạo giáo viên THCS |
| 650 | |a Dạy học | ||
| 650 | |a Lí luận | ||
| 653 | # | # | |a Trung học cơ sở |
| 700 | 0 | # | |a Trần Kiểm |e tác giả |
| 852 | # | # | |b Kho giáo trình |j KGT.0020241, KGT.0020242, KGT.0020243, KGT.0020244, KGT.0020245, KGT.0020246, KGT.0020247, KGT.0020248, KGT.0020249, KGT.0020250, KGT.0020251, KGT.0020252, KGT.0020253, KGT.0020254, KGT.0020255, KGT.0020256, KGT.0020257, KGT.0020258, KGT.0020259, KGT.0020260, KGT.0020261, KGT.0020262, KGT.0020263, KGT.0020264, KGT.0020265, KGT.0020266, KGT.0020267, KGT.0020268, KGT.0020269, KGT.0020270, KGT.0020271, KGT.0020272, KGT.0020273, KGT.0020274, KGT.0020275, KGT.0020276, KGT.0020277, KGT.0020278, KGT.0020279, KGT.0020280, KGT.0020281, KGT.0020282, KGT.0020283, KGT.0020284, KGT.0032779 |
| 852 | # | # | |b Kho mượn |j KGT.0034388 |
| 852 | # | # | |b Kho đọc |j KD.0007856 |
| 852 | # | # | |j KGT.0034388 |
| 910 | 0 | # | |d 6/6/2012 |a kchi |
| 980 | # | # | |a Trung tâm Học liệu Lê Vũ Hùng, Trường Đại học Đồng Tháp |